| Tag |
First Indicator |
Second Indicator |
Subfields |
| LEADER |
00000cam a2200000 a 4500 |
| 001 |
in00001403697 |
| 005 |
20151020053131.0 |
| 008 |
960319s1996 nyua b 001 0 eng |
| 010 |
|
|
|a 96015169
|
| 020 |
|
|
|a 1572300817 (alk. paper)
|
| 035 |
|
|
|a (OCoLC)34475373
|
| 035 |
|
|
|9 AHM7151AM
|
| 040 |
|
|
|a DLC
|c DLC
|d UtOrBLW
|
| 043 |
|
|
|a a-ja---
|
| 049 |
|
|
|a TXAM
|
| 050 |
0 |
0 |
|a HQ792.J3
|b J39 1996
|
| 082 |
0 |
0 |
|a 305.23/0952
|2 20
|
| 245 |
0 |
0 |
|a Japanese childrearing :
|b two generations of scholarship /
|c David W. Shwalb, Barbara J. Shwalb, editors ; foreword by Takeo Doi.
|
| 246 |
3 |
|
|a Japanese child rearing
|
| 264 |
|
1 |
|a New York :
|b Guilford Press,
|c [1996]
|
| 264 |
|
4 |
|c ©1996
|
| 300 |
|
|
|a xxiv, 323 pages :
|b illustrations ;
|c 24 cm.
|
| 336 |
|
|
|a text
|b txt
|2 rdacontent
|
| 337 |
|
|
|a unmediated
|b n
|2 rdamedia
|
| 338 |
|
|
|a volume
|b nc
|2 rdacarrier
|
| 490 |
1 |
|
|a Culture and human development
|
| 504 |
|
|
|a Includes bibliographical references and indexes.
|
| 650 |
|
0 |
|a Child rearing
|z Japan.
|
| 650 |
|
0 |
|a Child development
|z Japan.
|
| 650 |
|
0 |
|a Children
|z Japan
|x Social conditions.
|
| 700 |
1 |
|
|a Shwalb, David W.
|
| 700 |
1 |
|
|a Shwalb, Barbara J.
|
| 830 |
|
0 |
|a Culture and human development.
|
| 948 |
|
|
|a c:en
|
| 999 |
|
|
|a MARS
|
| 999 |
f |
f |
|s a503dff2-ce0a-3c44-a753-0f9d4383b9a9
|i a3b034b4-0d9d-3c7b-a671-08693a04ea61
|t 0
|
| 952 |
f |
f |
|p ric
|a Texas A&M University
|b Rellis Campus
|c Joint Library Facility
|d Remote Storage
|t 0
|e HQ792.J3 J39 1996
|h Library of Congress classification
|i unmediated -- volume
|m A14822430812
|
| 998 |
f |
f |
|a HQ792.J3 J39 1996
|t 0
|l Remote Storage
|